000 00653nam a22002417a 4500
001 BR6005420
003 BR-BrBNA
005 20230928095559.0
007 ta
008 230509b bl.||||| |||| 00| 0 por d
040 _aBR-BrBNA
_bpor
_cBiblioteca Nacional de Agricultura
041 _a(Por)
072 _aQ04
_b9910
090 _ 9910 BR6005420
100 1 _aFontoura, C.
245 1 _aO cafe como bebida e como fonte de outros produtos
260 3 _aSao Paulo, SP (Brasil):
_bInstituto Medicamenta,
_c1939.
300 _a39 p.
500 _aPublished after 1939?
650 _aBebida
909 _a202309
_bLucia
_c55
_dLucia Elande
942 _cBK
999 _c57422
_d57422